000 00495nam a22001697a 4500
005 20251108165442.0
008 250721s1991 xx 000 0 ara d
082 1 4 _aم/215.19/جاح
100 1 _aالجاحظ، أبي عثمان
_eمؤلف
245 1 0 _aكتاب العثمانيه /
264 1 _aبيروت :
_bدار الجيل،
_c1991.
300 _a366ص0
650 1 7 _aالمعتزله
700 1 _aهارون، عبد السلام
_eمحقق
942 _2ddc
_cREF
999 _c28253
_d28253